[Event "CZE-ch U12 Girls"]
[Site "Kouty nad Desnou"]
[Date "2015.03.13"]
[Round "8"]
[White "Jordova, Zdenka"]
[Black "Pospisilova, Karla"]
[Result "1/2-1/2"]
[WhiteElo "1056"]
[BlackElo "1005"]
[PlyCount "87"]
[EventDate "2015.03.07"]
[EventType "swiss"]
[EventRounds "9"]
[EventCountry "CZE"]
[SourceTitle "EXT 2017"]
[Source "ChessBase"]
[SourceDate "2016.10.25"]
[SourceVersion "1"]
[SourceVersionDate "2016.10.25"]
[SourceQuality "1"]

1. e4 e5 2. Nf3 Nc6 3. Nc3 Nf6 4. Bb5 Bb4 5. d3 d6 6. Bg5 Bg4 7. 0-0 Bxc3 8. bxc3 0-0 9. Bxc6 bxc6 10. h3 Bxf3 11. Qxf3 Rb8 12. Bxf6 Qxf6 13. Qxf6 gxf6 14. Rab1 Rxb1 15. Rxb1 d5 16. exd5 cxd5 17. d4 exd4 18. cxd4 Re8 19. Rb7 Re2 20. Rxc7 Rd2 21. Rxa7 Rxc2 22. Ra6 Rc1+ 23. Kh2 Rc2 24. Rxf6 Kg7 25. Rd6 Rxf2 26. Rxd5 Rxa2 27. Kg3 Ra6 28. Rg5+ Rg6 29. Rxg6+ Kxg6 30. Kh4 Kf5 31. Kh5 Ke4 32. Kh6 Kxd4 33. Kxh7 Ke3 34. Kg7 Kf2 35. Kxf7 Kxg2 36. h4 Kg3 37. h5 Kg4 38. h6 Kg5 39. h7 Kh6 40. h8Q+ Kg5 41. Qd4 Kh6 42. Qg4 Kh7 43. Qf5+ Kh8 44. Qg6 1/2-1/2

[Event "CZE-ch U12 Girls"]
[Site "Kouty nad Desnou"]
[Date "2015.03.10"]
[Round "4"]
[White "Beranova, Karin"]
[Black "Pospisilova, Karla"]
[Result "1-0"]
[WhiteElo "1436"]
[BlackElo "1005"]
[PlyCount "85"]
[EventDate "2015.03.07"]
[EventType "swiss"]
[EventRounds "9"]
[EventCountry "CZE"]
[SourceTitle "EXT 2017"]
[Source "ChessBase"]
[SourceDate "2016.10.25"]
[SourceVersion "1"]
[SourceVersionDate "2016.10.25"]
[SourceQuality "1"]

1. e4 e5 2. Nc3 Nc6 3. f4 Nf6 4. Nf3 exf4 5. e5 Ng4 6. d4 d6 7. Bxf4 dxe5 8. dxe5 Qxd1+ 9. Rxd1 Ncxe5 10. Nxe5 Nxe5 11. Bxe5 Bg4 12. Rd4 f6 13. Bxf6 gxf6 14. Rxg4 Rd8 15. Re4+ Kf7 16. Bc4+ Kg6 17. 0-0 Bc5+ 18. Kh1 Kg7 19. Rg4+ Kf8 20. Rxf6+ Ke7 21. Re6+ Kf8 22. h3 Re8 23. Rf4+ Kg7 24. Rxe8 Rxe8 25. Rf7+ Kg6 26. Rxc7 Bd6 27. Bf7+ Kf6 28. Bxe8 Bxc7 29. Nd5+ Ke5 30. Nxc7 Kd4 31. Kg1 Ke3 32. Kf1 Kd2 33. c4 Kc2 34. b4 Kb2 35. a4 Kb3 36. b5 Kxc4 37. Ke2 Kb4 38. Kf3 Kxa4 39. b6+ Ka5 40. bxa7 Kb6 41. Nb5 h5 42. a8Q h4 43. Qa7# 1-0

[Event "CZE-ch U12 Girls"]
[Site "Kouty nad Desnou"]
[Date "2015.03.08"]
[Round "2"]
[White "Vavrinkova, Anna"]
[Black "Pospisilova, Karla"]
[Result "1-0"]
[WhiteElo "1399"]
[BlackElo "1005"]
[PlyCount "125"]
[EventDate "2015.03.07"]
[EventType "swiss"]
[EventRounds "9"]
[EventCountry "CZE"]
[SourceTitle "EXT 2017"]
[Source "ChessBase"]
[SourceDate "2016.10.25"]
[SourceVersion "1"]
[SourceVersionDate "2016.10.25"]
[SourceQuality "1"]

1. e4 e5 2. Nf3 Nc6 3. Bb5 d6 4. d4 Bd7 5. 0-0 exd4 6. Nxd4 Nxd4 7. Bxd7+ Qxd7 8. Qxd4 Nf6 9. Re1 c5 10. Qc4 b5 11. Qd3 Be7 12. Nc3 b4 13. Nd5 0-0 14. Nxf6+ Bxf6 15. e5 Be7 16. Bf4 Rad8 17. Rad1 d5 18. Re3 f6 19. e6 c4 20. exd7 cxd3 21. Rxe7 dxc2 22. Rxd5 Rf7 23. Re8+ Rf8 24. Rxf8+ Kxf8 25. Kf1 Ke7 26. Ke1 a5 27. Kd2 Rxd7 28. Rxd7+ Kxd7 29. Kxc2 Kc6 30. Kb3 Kb5 31. Bd2 a4+ 32. Kc2 Ka5 33. a3 g5 34. Bxb4+ Kb5 35. Be7 g4 36. Bxf6 h5 37. b3 Ka5 38. Kc3 Kb5 39. Be7 Ka5 40. Kc4 h4 41. Bxh4 axb3 42. Kxb3 Kb5 43. a4+ Ka5 44. f4 Kb6 45. f5 Kc7 46. f6 Kd7 47. f7 Ke6 48. f8Q Ke5 49. Kc3 g3 50. Bxg3+ Kd5 51. Qf4 Kc5 52. Qe5+ Kc6 53. Kb4 Kd7 54. Qd6+ Ke8 55. Kc5 Kf7 56. Kd5 Ke8 57. Ke5 Kf7 58. Qe6+ Kg7 59. Qf6+ Kh7 60. Kf5 Kg8 61. Kg5 Kh7 62. Qg6+ Kh8 63. Be5# 1-0